zpět

Detail výsledku týmu

Výčep Horoměřice, Horoměřice

Datum a čas kvízu

41 Celkem bodů Celkový počet nahraných bodů na tomto kvízu bez doplňovacích otázek.
1. Pořadí na kvízu Konečné umístění týmu na tomto kvízu.

Zaznamenané odpovědi

# Otázka Odpověď Body Výsledky
1. K razantnímu kroku přistoupila... tepláky a crop topy (krátká trika) 1
2. Polák Andrzej Bargiel je po ce... Mount Everest 1
3. Do televizní reality show Love... o Daru Rolins 1
4. Do Česka přichází nový módní ř... z Japonska 1
5. Dvěma pilotům formule 1 se min... Carlos Sainz; Charles Leclerc 1
6. Gesto, které vidíme na obrázku... 1C 2B 3D 4A 0
7. Které z uvedených gest má na B... B 1
8. Sheldon Cooper v Teorii velkéh... Spocka a tapíra (ještěra) 1
9. Která dvě písmena české dvouru... CH, R 0.5
10. Na výřezu z obrazu francouzské... paroháč (že je mu žena nevěrná) 0